জাপানি লিপির ভূমিকা / (Record no. 61941)
[ view plain ]
| 000 -LEADER | |
|---|---|
| fixed length control field | 00982nam a2200253 a 4500 |
| 001 - CONTROL NUMBER | |
| control field | 61941 |
| 003 - CONTROL NUMBER IDENTIFIER | |
| rucl marc code | BD-RjUL |
| 005 - DATE AND TIME OF LATEST TRANSACTION | |
| control field | 20211209081024.0 |
| 008 - FIXED-LENGTH DATA ELEMENTS--GENERAL INFORMATION | |
| fixed length control field | 170122s1989 bg a|||| |||| 00| 0 ben d |
| 020 ## - INTERNATIONAL STANDARD BOOK NUMBER | |
| Terms of availability | : TK 70.00 |
| 035 ## - SYSTEM CONTROL NUMBER | |
| System control number | (BD-RjUL)62066 |
| 040 ## - CATALOGING SOURCE | |
| Original cataloging agency | BD-RjUL |
| Language of cataloging | ben |
| Transcribing agency | BD-RjUL |
| 041 ## - LANGUAGE CODE | |
| Language code of text/sound track or separate title | ben |
| 082 ## - DEWEY DECIMAL CLASSIFICATION NUMBER | |
| Edition number | 23 |
| Classification number | 495.609 |
| Author mark and year | KAJ 1989 |
| 100 ## - MAIN ENTRY--PERSONAL NAME | |
| Personal name | কাওয়ারাজাকি, মিকিও |
| 9 (RLIN) | 184351 |
| 245 10 - TITLE STATEMENT | |
| Title | জাপানি লিপির ভূমিকা / |
| Statement of responsibility, etc. | মিকিও কাওয়ারাজাকি |
| 260 ## - PUBLICATION, DISTRIBUTION, ETC. (IMPRINT) | |
| Place of publication, distribution, etc. | ঢাকা : |
| Name of publisher, distributor, etc. | বাংলা একাডেমী, |
| Date of publication, distribution, etc. | ১৯৮৯ |
| 300 ## - PHYSICAL DESCRIPTION | |
| Pagination | খণ্ড. : |
| Illustrations | চিত্র ; |
| Size | ২৩ সেমি. |
| 505 ## - FORMATTED CONTENTS NOTE | |
| Formatted contents note | খণ্ড ১, কানা লিপি -- |
| 650 ## - SUBJECT ADDED ENTRY--TOPICAL TERM | |
| Topical term or geographic name as entry element | জাপানী ভাষা |
| 9 (RLIN) | 170329 |
| Topical term or geographic name as entry element | Japanese Language |
| 9 (RLIN) | 184352 |
| 700 ## - ADDED ENTRY--PERSONAL NAME | |
| Personal name | কাসুইয়া, হিরোকা, অনুবাদ |
| 942 ## - ADDED ENTRY ELEMENTS (KOHA) | |
| Source of classification or shelving scheme | Dewey Decimal Classification |
| Koha item type | Books |
| Lost status | Source of classification or shelving scheme | Damaged status | Not for loan | Collection code | Permanent Location | Current Location | Shelving location | Date acquired | Source of acquisition | Cost, normal purchase price | Total Checkouts | Full call number | Date last seen | Copy number | Koha item type |
|---|---|---|---|---|---|---|---|---|---|---|---|---|---|---|---|
| Dewey Decimal Classification | Not For Loan | Non-fiction | Central Library, University of Rajshahi | Central Library, University of Rajshahi | Reading Room | 25/06/1990 | Bangla Academy, Dhaka | 70.00 | B 495.609 KAJ V-1 1989 | 22/01/2017 | C-1 | Books |